| 000 | 00000nam##2200000za#4500 |
| 001 | 9.607801 |
| 003 | CaOODSP |
| 005 | 20240612102646 |
| 007 | cr ||||||||||| |
| 008 | 150406|2004||||xxc|||||o f|0| 0 fre|d |
| 040 | |aCaOODSP|bfre |
| 043 | |an-cn--- |
| 086 | 1 |aRv55-5/11-4-13-2004F-PDF |
| 110 | 2 |aAgence des services frontaliers du Canada. |
| 245 | 10|aRègles d'origine des marchandises occasionnelles |h[ressource électronique] |
| 260 | |aOttawa - Ontario : |bAgence des services frontaliers du Canada |
| 300 | |a5p. |
| 490 | 1 |aMémorandums D des douanes. D11, Renseignements généraux sur le tarif |vD11-4-13, le 18 novembre 2004 |
| 500 | |aCeci annule les Mémorandums – D11-4-13, le 5 juin 1998. |
| 590 | |a14-17-Supp|b2014-10-09 |
| 775 | 08|tRules of origin for casual goods regulations |w(CaOODSP)9.580864 |
| 776 | 0#|tRules of origin for casual goods regulations |w(CaOODSP)9.540692 |
| 776 | 0#|tRègles d'origine des marchandises occasionnelles |w(CaOODSP)9.540693 |
| 830 | #0|aMémorandums D des douanes. D11, Renseignements généraux sur le tarif ;|vD11-4-13, le 18 novembre 2004|w(CaOODSP)9.816826 |
| 856 | 40|ahttp://publications.gc.ca|qPDF|s126 Ko|uhttps://publications.gc.ca/collections/collection_2014/asfc-cbsa/Rv55-5-11-4-13-2004-fra.pdf|yD11-4-13, le 18 novembre 2004 |